000 01291nam a2200229Ia 4500
999 _c38531
_d38531
001 4632
003 GE_BSU
005 20190510151057.0
008 181216s2003||||ge |||||||||||||| ||geo||
020 _a9992846798
040 _cGE_BSU
041 _ageo
080 _a36.1 ჰ–13
100 _aჰაბერმასი, იურგენ
_9962
245 _aმოქმედების კომუნიკატიური თეორიის წინასწარი მონახაზები და დამატებები /
_cიურგენ ჰაბერმასი ; თარგმნა : გიორგი ბარამიძემ ; რედ : გურამ თევზაძე
264 _aქუთაისი .:
_bსაგამომცემლო ცენტრი,
_c2003.
300 _a547გვ . ;
_c20სმ.
653 _aმოქმედების კომუნიკატიური თეორიის წინასწარი მონახაზები და დამატებები
700 _aბარამიძე, გიორგი
_eმთარგმნელი
_9963
700 _aთევზაძე, გურამ
_eრედაქტორი
_9964
942 _cBK
_2udc